000 00541nam a2200193Ia 4500
005 20260120130538.0
008 008 260114s9999 xx 000 0 eng d
020 _a9780191721731
037 _aEBOOK
040 _aCRL
_beng
_cCRL
041 _aeng
_2eng
084 _qCRL
100 _aSchneewind
_9916284
245 0 _aEssays on the History of Moral Philosophy
260 _bOxford University PressOxford University Press
_c2010
856 _uhttps://academic.oup.com/book/2427
942 _cEBOOK
999 _c1508188
_d1508188